[Event "Charlesbourg Thematique"]
[Site "Charlesbourg CAN"]
[Date "2004.02.02"]
[Round "5"]
[White "Laflamme, Simon"]
[Black "Beaudoin, Stephane"]
[Result "0-1"]
[WhiteElo "1924"]
[BlackElo "2026"]
[PlyCount "108"]
[GameId "2160767911209121"]
[EventDate "2004.01.??"]
[EventType "swiss"]
[EventRounds "5"]
[EventCountry "CAN"]
[SourceTitle "EXT 2005"]
[Source "ChessBase"]
[SourceDate "2004.11.15"]
[SourceVersion "1"]
[SourceVersionDate "2004.11.15"]
[SourceQuality "1"]

1. e4 e6 2. d4 c5 3. Nf3 cxd4 4. Nxd4 Bc5 5. Be3 Qb6 6. Nc3 Nc6 7. Na4 Qa5+ 8. c3 Bxd4 9. Bxd4 Nxd4 10. Qxd4 Nf6 11. e5 Nd5 12. Nc5 O-O 13. Bd3 f5 14. O-O Qc7 15. Rae1 a5 16. c4 Nb4 17. Bb1 b6 18. Nd3 Bb7 19. Re3 Nxd3 20. Qxd3 a4 21. f4 Qc5 22. Kh1 Bc6 23. Qe2 b5 24. Bd3 bxc4 25. Bxc4 Rab8 26. Rh3 g6 27. b3 axb3 28. Bxb3 Bb5 29. Qf2 Qxf2 30. Rxf2 Rfc8 31. Bc2 Be2 32. g4 Rxc2 33. Re3 Rc1+ 34. Kg2 Bc4 35. gxf5 Bd5+ 36. Kh3 gxf5 37. Rg3+ Kf7 38. a3 Ra1 39. Rc2 Rg8 40. Rxg8 Kxg8 41. Rc3 Rg1 42. Rg3+ Rxg3+ 43. Kxg3 Bb3 44. Kh4 Kg7 45. Kg5 h6+ 46. Kh5 Bd1+ 47. Kh4 Kg6 48. Kg3 Kf7 49. Kh4 Ke7 50. a4 Bxa4 51. Kh5 d5 52. exd6+ Kxd6 53. h4 e5 54. fxe5+ Kxe5 0-1

[Event "Charlesbourg Thematique"]
[Site "Charlesbourg CAN"]
[Date "2004.02.02"]
[Round "5"]
[White "Tremblay, Rejean"]
[Black "Filiatreault, Michel"]
[Result "1-0"]
[WhiteElo "2200"]
[BlackElo "1897"]
[PlyCount "75"]
[GameId "2160767911209122"]
[EventDate "2004.01.??"]
[EventType "swiss"]
[EventRounds "5"]
[EventCountry "CAN"]
[SourceTitle "EXT 2005"]
[Source "ChessBase"]
[SourceDate "2004.11.15"]
[SourceVersion "1"]
[SourceVersionDate "2004.11.15"]
[SourceQuality "1"]

1. d4 Nf6 2. c4 e6 3. Nc3 d5 4. Bg5 Nbd7 5. cxd5 exd5 6. e3 Be7 7. Rc1 h6 8. Bh4 O-O 9. Nf3 c6 10. Bd3 Ne4 11. Bxe7 Qxe7 12. Bxe4 dxe4 13. Nd2 f5 14. O-O Nf6 15. Nc4 Be6 16. Ne5 Kh7 17. Qa4 a6 18. Qa5 Rad8 19. b4 Nd7 20. Rc2 Nxe5 21. Qxe5 Rd7 22. Rb1 Qf7 23. Rbb2 Re8 24. Qc5 Bd5 25. a4 Re6 26. b5 axb5 27. axb5 Rg6 28. Ne2 Bb3 29. Rc3 Rd5 30. Qa3 Bd1 31. bxc6 bxc6 32. Nf4 Bf3 33. g3 Rg4 34. Nxd5 cxd5 35. Rb8 Rh4 36. Qf8 Rxh2 37. Qh8+ Kg6 38. Kxh2 1-0

[Event "Charlesbourg Zukertort"]
[Site "Charlesbourg CAN"]
[Date "2004.04.26"]
[Round "1"]
[White "Beaudoin, Stephane"]
[Black "Lessard, Claude"]
[Result "0-1"]
[WhiteElo "2126"]
[BlackElo "2016"]
[PlyCount "70"]
[GameId "2160767911166848"]
[EventDate "2004.04.??"]
[EventType "swiss"]
[EventRounds "5"]
[EventCountry "CAN"]
[SourceTitle "EXT 2005"]
[Source "ChessBase"]
[SourceDate "2004.11.15"]
[SourceVersion "1"]
[SourceVersionDate "2004.11.15"]
[SourceQuality "1"]

1. e4 d5 2. exd5 Nf6 3. Bb5+ Bd7 4. Be2 Nxd5 5. d4 g6 6. c4 Nf6 7. Nf3 Bg7 8. O-O O-O 9. h3 Na6 10. Nc3 c5 11. d5 Ne8 12. Bf4 Nd6 13. Qb3 b6 14. Ne5 Nf5 15. Rfe1 Nd4 16. Qd1 Rc8 17. Bd3 Nc7 18. a4 a5 19. Ne2 f6 20. Nxd4 fxe5 21. Bxe5 Bxe5 22. Rxe5 cxd4 23. Qb3 Na6 24. Rc1 Nc5 25. Qa3 Rf7 26. Bc2 Qf8 27. Qg3 Re8 28. b3 d3 29. Bxd3 Nxd3 30. Qxd3 Rxf2 31. Qd4 Ra2 32. Qxb6 Rb8 33. Qc5 Rxb3 34. Rf1 Rxg2+ 35. Kxg2 Bxh3+ 0-1

[Event "Charlesbourg Zukertort"]
[Site "Charlesbourg CAN"]
[Date "2004.04.26"]
[Round "1"]
[White "Drolet, Stephane"]
[Black "Caire, Francois"]
[Result "1-0"]
[WhiteElo "2121"]
[BlackElo "1555"]
[PlyCount "91"]
[GameId "2160767911166849"]
[EventDate "2004.04.??"]
[EventType "swiss"]
[EventRounds "5"]
[EventCountry "CAN"]

1. Nf3 b6 2. g3 Bb7 3. Bg2 g6 4. d4 Bg7 5. c4 f5 6. O-O Nf6 7. d5 Na6 8. Nc3 Nc5 9. Bf4 Nce4 10. Nb5 Nd6 11. Nxd6+ cxd6 12. Nd4 O-O 13. Qd2 Re8 14. Nb5 Ba6 15. a4 Bxb5 16. axb5 Qc8 17. Ra4 a5 18. bxa6 Rxa6 19. Rfa1 Rxa4 20. Rxa4 Qb7 21. Qb4 Rb8 22. Qb3 Ra8 23. Qa3 Rxa4 24. Qxa4 Ne4 25. Bxe4 fxe4 26. b3 Bd4 27. Bd2 Kf7 28. e3 Be5 29. Qb5 Qa7 30. Qa4 Qxa4 31. bxa4 Bb2 32. Bb4 Kf6 33. Kf1 Ke5 34. Ke2 Kf5 35. h3 Kf6 36. Kd2 Kf7 37. Kc2 Bf6 38. Kb3 Ke8 39. Bc3 Kd8 40. Kb4 Kc7 41. Bd4 Kb7 42. Kb5 Bxd4 43. exd4 e6 44. dxe6 dxe6 45. c5 e5 46. c6+ 1-0

[Event "Charlesbourg Zukertort"]
[Site "Charlesbourg CAN"]
[Date "2004.04.26"]
[Round "1"]
[White "Laflamme, Simon"]
[Black "Sauve, Richard"]
[Result "1-0"]
[WhiteElo "1920"]
[BlackElo "1924"]
[PlyCount "63"]
[GameId "2160767911166850"]
[EventDate "2004.04.??"]
[EventType "swiss"]
[EventRounds "5"]
[EventCountry "CAN"]
[SourceTitle "EXT 2005"]
[Source "ChessBase"]
[SourceDate "2004.11.15"]
[SourceVersion "1"]
[SourceVersionDate "2004.11.15"]
[SourceQuality "1"]

1. d4 e6 2. e4 d5 3. Nc3 dxe4 4. Nxe4 Nd7 5. Nf3 Ngf6 6. Bg5 h6 7. Bxf6 Nxf6 8. Bd3 Nxe4 9. Bxe4 c5 10. O-O Qb6 11. Qd3 Be7 12. dxc5 Bxc5 13. b4 Be7 14. Rab1 O-O 15. c4 Rd8 16. Qc2 Bd7 17. Ne5 Be8 18. c5 Qc7 19. Nc4 Rab8 20. Rfd1 Bc6 21. Bxc6 bxc6 22. Rb3 Rd5 23. Ne3 Rxd1+ 24. Qxd1 Rd8 25. Rd3 Rxd3 26. Qxd3 a5 27. a3 axb4 28. axb4 Qb7 29. Qd2 Bg5 30. g3 Bxe3 31. fxe3 Kf8 32. Qd8# 1-0

[Event "Charlesbourg Zukertort"]
[Site "Charlesbourg CAN"]
[Date "2004.04.26"]
[Round "1"]
[White "Poliquin, Yvone"]
[Black "Lapierre, Gaetan"]
[Result "0-1"]
[WhiteElo "1840"]
[BlackElo "1854"]
[PlyCount "84"]
[GameId "2160767911166851"]
[EventDate "2004.04.??"]
[EventType "swiss"]
[EventRounds "5"]
[EventCountry "CAN"]
[SourceTitle "EXT 2005"]
[Source "ChessBase"]
[SourceDate "2004.11.15"]
[SourceVersion "1"]
[SourceVersionDate "2004.11.15"]
[SourceQuality "1"]

1. e4 g6 2. d4 Bg7 3. Nc3 d6 4. Be3 Nf6 5. Qd2 Ng4 6. Bg5 f6 7. Bh4 h5 8. f3 Bh6 9. Qd3 Ne3 10. Bf2 Nxf1 11. Qxf1 b6 12. Qc4 Ba6 13. Qb3 c5 14. Qd5 Nd7 15. Nge2 Rb8 16. Rd1 Qc7 17. Qb3 b5 18. Nd5 Qc6 19. c3 b4 20. Qc2 Bxe2 21. Qxe2 e6 22. Ne3 cxd4 23. cxd4 Qb5 24. Rc1 Ke7 25. Rc7 Qa5 26. Qc4 b3+ 27. Ke2 bxa2 28. Ra1 Rxb2+ 29. Nc2 Rhb8 30. Be3 Bxe3 31. Kxe3 R8b3+ 32. Ke2 Qg5 33. Kf2 Qh4+ 34. Ke2 Qxh2 35. Kf2 Qh4+ 36. Ke2 Qg5 37. Kf2 Qe3+ 38. Kg3 h4+ 39. Kxh4 Qg5+ 40. Kh3 Rb8 41. g4 Rh8+ 42. Kg2 Qd2+ 0-1

[Event "Charlesbourg Zukertort"]
[Site "Charlesbourg CAN"]
[Date "2004.04.26"]
[Round "1"]
[White "Robitaille, Denis"]
[Black "Fecteau, Martin"]
[Result "1-0"]
[WhiteElo "1857"]
[BlackElo "2013"]
[PlyCount "69"]
[GameId "2160767911166852"]
[EventDate "2004.04.??"]
[EventType "swiss"]
[EventRounds "5"]
[EventCountry "CAN"]
[SourceTitle "EXT 2005"]
[Source "ChessBase"]
[SourceDate "2004.11.15"]
[SourceVersion "1"]
[SourceVersionDate "2004.11.15"]
[SourceQuality "1"]

1. Nf3 Nf6 2. c4 e6 3. g3 b6 4. Bg2 Bb7 5. O-O Be7 6. Nc3 O-O 7. Qc2 d5 8. cxd5 exd5 9. d4 c5 10. b3 Nc6 11. Bb2 Qd7 12. dxc5 bxc5 13. Rad1 Nb4 14. Qb1 Qe6 15. Nb5 Qb6 16. Ng5 d4 17. Nxd4 g6 18. Bxb7 Qxb7 19. Ndf3 Qa6 20. a3 Nc6 21. Qc2 Rac8 22. Qc3 Qa5 23. Qc4 h6 24. Ne4 Nxe4 25. Qxe4 Rfe8 26. Qc4 Bf8 27. Rd7 Re7 28. Rfd1 Rc7 29. Rxc7 Rxc7 30. Qf4 Bg7 31. Bxg7 Kxg7 32. Rd6 Kh7 33. Qf6 Qb5 34. Ne5 Qxb3 35. Nxc6 1-0

[Event "Charlesbourg Zukertort"]
[Site "Charlesbourg CAN"]
[Date "2004.05.03"]
[Round "2"]
[White "Beaudoin, Stephane"]
[Black "Drolet, Stephane"]
[Result "1/2-1/2"]
[WhiteElo "2126"]
[BlackElo "2121"]
[PlyCount "56"]
[GameId "2160767911166853"]
[EventDate "2004.04.??"]
[EventType "swiss"]
[EventRounds "5"]
[EventCountry "CAN"]
[SourceTitle "EXT 2005"]
[Source "ChessBase"]
[SourceDate "2004.11.15"]
[SourceVersion "1"]
[SourceVersionDate "2004.11.15"]
[SourceQuality "1"]

1. e4 e6 2. b3 Nc6 3. Bb2 d5 4. e5 d4 5. Bb5 Qd5 6. Bxc6+ bxc6 7. Nf3 c5 8. O-O Ne7 9. c4 Qe4 10. Na3 Rb8 11. Nb5 Rb7 12. d3 Qf5 13. Re1 Ng6 14. Nbxd4 cxd4 15. Nxd4 Qg5 16. Nc6 Nh4 17. g3 Bd7 18. Nd4 c5 19. Nf3 Nxf3+ 20. Qxf3 Rb8 21. d4 cxd4 22. Bxd4 a5 23. Ba7 Rc8 24. Qb7 Bb4 25. Red1 Qe7 26. Rd3 Bc5 27. Bxc5 Rxc5 28. Rad1 Bc8 1/2-1/2

[Event "Charlesbourg Zukertort"]
[Site "Charlesbourg CAN"]
[Date "2004.05.03"]
[Round "2"]
[White "Caire, Jacques"]
[Black "Marois, Remi"]
[Result "1-0"]
[WhiteElo "1555"]
[BlackElo "1502"]
[PlyCount "79"]
[GameId "2160767911166854"]
[EventDate "2004.04.??"]
[EventType "swiss"]
[EventRounds "5"]
[EventCountry "CAN"]
[SourceTitle "EXT 2005"]
[Source "ChessBase"]
[SourceDate "2004.11.15"]
[SourceVersion "1"]
[SourceVersionDate "2004.11.15"]
[SourceQuality "1"]

1. f4 e5 2. fxe5 d6 3. exd6 Bxd6 4. Nf3 Bg4 5. e4 Nc6 6. Bb5 Nge7 7. d4 O-O 8. Be3 a6 9. Bd3 Re8 10. c3 Nf5 11. Bf2 Bf4 12. O-O Ne3 13. Bxe3 Bxe3+ 14. Kh1 Ne7 15. Qb3 Ng6 16. Nbd2 b5 17. Rae1 Bxd2 18. Nxd2 Be6 19. Qc2 Qg5 20. e5 Nf4 21. Bxh7+ Kh8 22. Be4 Bf5 23. Nf3 Bxe4 24. Nxg5 Bxc2 25. Nxf7+ Kg8 26. Rxf4 Rf8 27. Ref1 Bg6 28. Ng5 Rxf4 29. Rxf4 Bb1 30. a3 Ba2 31. e6 Re8 32. Re4 Kf8 33. h4 Ke7 34. Kh2 Kf6 35. g4 Bxe6 36. Rxe6+ Rxe6 37. Nxe6 Kxe6 38. Kg3 c5 39. dxc5 Kd5 40. Kf4 1-0

[Event "Charlesbourg Zukertort"]
[Site "Charlesbourg CAN"]
[Date "2004.05.03"]
[Round "2"]
[White "Lapierre, Gaetan"]
[Black "Nadeau, Sebastien"]
[Result "0-1"]
[WhiteElo "1833"]
[BlackElo "1838"]
[PlyCount "80"]
[GameId "2160767911166855"]
[EventDate "2004.04.??"]
[EventType "swiss"]
[EventRounds "5"]
[EventCountry "CAN"]
[SourceTitle "EXT 2005"]
[Source "ChessBase"]
[SourceDate "2004.11.15"]
[SourceVersion "1"]
[SourceVersionDate "2004.11.15"]
[SourceQuality "1"]

1. e4 c5 2. Nf3 d6 3. d4 cxd4 4. Nxd4 Nf6 5. Nc3 a6 6. Bg5 e6 7. f4 Be7 8. Be2 b5 9. Bf3 Bb7 10. e5 Nd5 11. Bxe7 Qxe7 12. Ne4 dxe5 13. fxe5 O-O 14. Nd6 Ne3 15. Qe2 Bxf3 16. Nxf3 Nd5 17. Ne4 Nc6 18. O-O Qa7+ 19. Kh1 Nd4 20. Nxd4 Qxd4 21. Ng5 h6 22. c3 Qe3 23. Qxe3 Nxe3 24. Rf3 Nc4 25. Ne4 Nxe5 26. Rg3 Rad8 27. Rf1 Rd3 28. Nf6+ Kh8 29. Nh5 Rxg3 30. hxg3 Rd8 31. b3 Rd3 32. Rc1 Rd2 33. Nf4 Rxa2 34. c4 g5 35. Nh5 Nd3 36. Rc3 Ra1+ 37. Kh2 Nf2 38. g4 Rh1+ 39. Kg3 Ne4+ 40. Kf3 Nxc3 0-1

[Event "Charlesbourg Zukertort"]
[Site "Charlesbourg CAN"]
[Date "2004.05.03"]
[Round "2"]
[White "Lessard, Claude"]
[Black "Caire, Francois"]
[Result "0-1"]
[WhiteElo "2016"]
[BlackElo "2075"]
[PlyCount "58"]
[GameId "2160767911166856"]
[EventDate "2004.04.??"]
[EventType "swiss"]
[EventRounds "5"]
[EventCountry "CAN"]
[SourceTitle "EXT 2005"]
[Source "ChessBase"]
[SourceDate "2004.11.15"]
[SourceVersion "1"]
[SourceVersionDate "2004.11.15"]
[SourceQuality "1"]

1. e4 c5 2. Bc4 e6 3. Nc3 Nc6 4. d3 Nf6 5. Bg5 Be7 6. f4 d5 7. Bb5 O-O 8. Bxc6 bxc6 9. e5 Nd7 10. Bxe7 Qxe7 11. Nf3 f6 12. O-O fxe5 13. fxe5 c4 14. dxc4 Ba6 15. Re1 Bxc4 16. Qd4 Rf5 17. b3 Ba6 18. Qa4 Bb7 19. Kh1 c5 20. Nb5 Bc6 21. Qa6 Bxb5 22. Qxb5 g5 23. c4 g4 24. Nd2 Nxe5 25. cxd5 exd5 26. Re2 Raf8 27. b4 Qf6 28. Qxc5 Nd3 29. Qg1 Rf2 0-1

[Event "Charlesbourg Zukertort"]
[Site "Charlesbourg CAN"]
[Date "2004.05.03"]
[Round "2"]
[White "Robitaille, Denis"]
[Black "Laflamme, Simon"]
[Result "0-1"]
[WhiteElo "1851"]
[BlackElo "1920"]
[PlyCount "84"]
[GameId "2160767911166858"]
[EventDate "2004.04.??"]
[EventType "swiss"]
[EventRounds "5"]
[EventCountry "CAN"]
[SourceTitle "EXT 2005"]
[Source "ChessBase"]
[SourceDate "2004.11.15"]
[SourceVersion "1"]
[SourceVersionDate "2004.11.15"]
[SourceQuality "1"]

1. Nf3 c5 2. c4 Nc6 3. d4 cxd4 4. Nxd4 Nf6 5. Nc3 e6 6. Nxc6 bxc6 7. e4 Bb4 8. Bd3 Bxc3+ 9. bxc3 Qa5 10. O-O Qxc3 11. Rb1 Qa5 12. Bb2 e5 13. f4 d6 14. fxe5 dxe5 15. Qc2 Qc5+ 16. Kh1 O-O 17. Qc3 Re8 18. Ba3 Qd4 19. Qxd4 exd4 20. Bc5 Rd8 21. Be7 Re8 22. Bxf6 gxf6 23. Rxf6 Be6 24. e5 Rab8 25. Rbf1 Rb2 26. Rh6 Rxa2 27. Rxh7 a5 28. Rh4 c5 29. h3 Rd2 30. Bh7+ Kf8 31. Be4 d3 32. Rb1 Kg7 33. Rb5 Rd1+ 34. Kh2 d2 35. Bf3 Rf1 36. Be2 d1=Q 37. Bxd1 Rxd1 38. Rxa5 Rd4 39. Kg3 Rc8 40. Ra4 Rb8 41. Rxd4 cxd4 42. c5 Rd8 0-1

[Event "Charlesbourg Zukertort"]
[Site "Charlesbourg CAN"]
[Date "2004.05.15"]
[Round "2"]
[White "Fecteau, Martin"]
[Black "Sauve, Richard"]
[Result "0-1"]
[WhiteElo "2013"]
[BlackElo "1924"]
[PlyCount "118"]
[GameId "2160767911166859"]
[EventDate "2004.04.??"]
[EventType "swiss"]
[EventRounds "5"]
[EventCountry "CAN"]
[SourceTitle "EXT 2005"]
[Source "ChessBase"]
[SourceDate "2004.11.15"]
[SourceVersion "1"]
[SourceVersionDate "2004.11.15"]
[SourceQuality "1"]

1. e4 e6 2. d4 d5 3. Nc3 Nf6 4. e5 Nfd7 5. f4 c5 6. Nf3 Nc6 7. Be3 a6 8. Qd2 cxd4 9. Nxd4 Bc5 10. Nb3 Bxe3 11. Qxe3 O-O 12. O-O-O b5 13. Bd3 Nb4 14. Be2 Qc7 15. a3 Nc6 16. Nd4 Qb6 17. Qd2 Bb7 18. Nxc6 Qxc6 19. Bf3 Nc5 20. Kb1 a5 21. Ne2 b4 22. Nd4 Qb6 23. Ka1 Rfc8 24. f5 Qc7 25. Rhe1 Qd7 26. f6 gxf6 27. exf6 Kh8 28. Qh6 Rg8 29. Re5 Rg6 30. Qh4 Qd8 31. Rh5 Qxf6 32. Rxh7+ Kg8 33. axb4 axb4+ 34. Kb1 Qxh4 35. Rxh4 Rg5 36. Nb5 b3 37. c3 Ba6 38. Na3 Bd3+ 39. Kc1 Be4 40. Bxe4 dxe4 41. g3 e3 42. Rhd4 Kg7 43. Rg1 Rf5 44. h4 e2 45. Re1 Rf1 46. Kd2 Rxe1 47. Kxe1 Rxa3 48. Kxe2 Ra2 49. Rc4 Rxb2+ 50. Ke3 Nd7 51. Rb4 Rb1 52. Kd2 Rg1 53. g4 Rg2+ 54. Kc1 Nc5 55. Rd4 Kf6 56. g5+ Ke5 57. Kb1 Ne4 58. Rd3 Rh2 59. Rd7 Nxc3+ 0-1

[Event "Charlesbourg Zukertort"]
[Site "Charlesbourg CAN"]
[Date "2004.05.10"]
[Round "3"]
[White "Caire, Francois"]
[Black "Beaudoin, Stephane"]
[Result "1/2-1/2"]
[WhiteElo "2075"]
[BlackElo "2126"]
[PlyCount "88"]
[GameId "2160767911166860"]
[EventDate "2004.04.??"]
[EventType "swiss"]
[EventRounds "5"]
[EventCountry "CAN"]
[SourceTitle "EXT 2005"]
[Source "ChessBase"]
[SourceDate "2004.11.15"]
[SourceVersion "1"]
[SourceVersionDate "2004.11.15"]
[SourceQuality "1"]

1. d4 Nf6 2. Nc3 g6 3. e4 d6 4. f4 Bg7 5. Nf3 O-O 6. Bd3 Na6 7. e5 Nd7 8. Bxa6 bxa6 9. O-O Rb8 10. Ne4 d5 11. Nc3 Nb6 12. b3 Bg4 13. h3 Bxf3 14. Rxf3 f5 15. a4 a5 16. Bd2 Qc8 17. Ne2 c5 18. Bxa5 Nd7 19. Be1 Rd8 20. Bf2 c4 21. Rc3 Qa6 22. Bh4 cxb3 23. cxb3 Kf7 24. Rac1 Nf8 25. g4 Rdc8 26. gxf5 gxf5 27. Rc7 Rxc7 28. Rxc7 Rb7 29. Rxb7 Qxb7 30. Qc2 e6 31. Qc3 Ng6 32. Be1 Bh6 33. Bd2 a5 34. Kf2 Bf8 35. Kf3 Bb4 36. Qc2 Bxd2 37. Qxd2 Qxb3+ 38. Nc3 Qc4 39. Kg2 Qb4 40. Kg3 Ne7 41. Qd3 Qa3 42. Qf3 Kg7 43. Kf2 Ng6 44. Qg3 Kf7 1/2-1/2

[Event "Charlesbourg Zukertort"]
[Site "Charlesbourg CAN"]
[Date "2004.05.10"]
[Round "3"]
[White "Drolet, Stephane"]
[Black "Lessard, Claude"]
[Result "1-0"]
[WhiteElo "2121"]
[BlackElo "2016"]
[PlyCount "63"]
[GameId "2160767911166861"]
[EventDate "2004.04.??"]
[EventType "swiss"]
[EventRounds "5"]
[EventCountry "CAN"]
[SourceTitle "EXT 2005"]
[Source "ChessBase"]
[SourceDate "2004.11.15"]
[SourceVersion "1"]
[SourceVersionDate "2004.11.15"]
[SourceQuality "1"]

1. Nf3 c5 2. c4 Nc6 3. Nc3 e5 4. g3 d6 5. Bg2 Nf6 6. d3 Be7 7. O-O O-O 8. Ne1 Be6 9. Nc2 Nd7 10. a3 a5 11. Rb1 Rb8 12. Nd5 f5 13. b4 axb4 14. axb4 f4 15. bxc5 fxg3 16. hxg3 Nxc5 17. Na3 Nd4 18. Nb5 Nxb5 19. Rxb5 Bd7 20. Rb6 Kh8 21. Be3 Bc6 22. Bxc5 dxc5 23. Qb3 Bd6 24. Rb1 Qg5 25. Nc3 Bc7 26. Bxc6 Bxb6 27. Qxb6 h5 28. Bf3 h4 29. Ne4 Qf5 30. Kg2 h3+ 31. Kh2 g5 32. Qh6+ 1-0

[Event "Charlesbourg Zukertort"]
[Site "Charlesbourg CAN"]
[Date "2004.05.10"]
[Round "3"]
[White "Laflamme, Simon"]
[Black "Fecteau, Martin"]
[Result "1-0"]
[WhiteElo "1920"]
[BlackElo "2013"]
[PlyCount "85"]
[GameId "2160767911166862"]
[EventDate "2004.04.??"]
[EventType "swiss"]
[EventRounds "5"]
[EventCountry "CAN"]
[SourceTitle "EXT 2005"]
[Source "ChessBase"]
[SourceDate "2004.11.15"]
[SourceVersion "1"]
[SourceVersionDate "2004.11.15"]
[SourceQuality "1"]

1. e4 c5 2. Nf3 d6 3. d4 cxd4 4. Nxd4 Nf6 5. Nc3 a6 6. Bg5 e6 7. Qe2 Be7 8. f4 Nc6 9. O-O-O Qc7 10. g4 h6 11. Bh4 g5 12. fxg5 Nd7 13. Nf3 Nde5 14. Bg2 Nxf3 15. Bxf3 hxg5 16. Bg3 Ne5 17. Rhf1 b5 18. Qf2 Bb7 19. Bg2 Rh7 20. Bxe5 dxe5 21. Rd3 f6 22. Ne2 Kf7 23. Ng3 Kg8 24. Nh5 Rf7 25. Rf3 Bxe4 26. Rxf6 Bxf6 27. Bxe4 Raf8 28. Bg6 Bg7 29. Bxf7+ Rxf7 30. Qxf7+ Qxf7 31. Rxf7 Kxf7 32. Nxg7 Kxg7 33. Kd2 Kf7 34. Kd3 b4 35. Ke4 Ke7 36. Kxe5 Kd7 37. c4 bxc3 38. bxc3 Ke7 39. c4 a5 40. c5 a4 41. c6 a3 42. h3 Kd8 43. Kxe6 1-0

[Event "Charlesbourg Zukertort"]
[Site "Charlesbourg CAN"]
[Date "2004.05.10"]
[Round "3"]
[White "Nadeau, Sebastien"]
[Black "Poliquin, Yvon"]
[Result "1-0"]
[WhiteElo "1838"]
[BlackElo "1840"]
[PlyCount "187"]
[GameId "2160767911166863"]
[EventDate "2004.04.??"]
[EventType "swiss"]
[EventRounds "5"]
[EventCountry "CAN"]

1. e4 c5 2. Nf3 d6 3. d4 cxd4 4. Nxd4 Nf6 5. Nc3 g6 6. Bc4 Bg7 7. f3 Nc6 8. Be3 O-O 9. Qd2 a5 10. a3 Ne5 11. Ba2 Bd7 12. O-O Rc8 13. Qe2 Qc7 14. Ndb5 Bxb5 15. Qxb5 Nc4 16. Bxc4 Qxc4 17. Qxa5 Nd7 18. Nd5 Rfe8 19. c3 Nc5 20. Nb6 Qd3 21. Bxc5 Rxc5 22. Qa4 Rc6 23. Nd5 Qd2 24. Rf2 Qh6 25. Qb5 Rcc8 26. Qxb7 Bf8 27. a4 Rb8 28. Qa7 Qg7 29. a5 e6 30. Nb6 d5 31. Nd7 Ra8 32. Qd4 e5 33. Qxd5 Red8 34. Rd2 Kh8 35. a6 Ra7 36. Qb5 Qh6 37. Rad1 Qe3+ 38. Kh1 Bh6 39. Qxe5+ Bg7 40. Qc5 Bh6 41. Qxe3 Bxe3 42. Rd3 Rxa6 43. Rxe3 Rxd7 44. Rb1 Rd2 45. Kg1 Ra2 46. Kf1 Raxb2 47. Rxb2 Rxb2 48. Re2 Rb1+ 49. Kf2 Rc1 50. Re3 Kg8 51. g4 h6 52. h4 Kf8 53. Rd3 Ke7 54. Kg3 Rg1+ 55. Kf4 Rh1 56. Kg3 Rg1+ 57. Kh2 Rc1 58. h5 g5 59. Kg2 Rc2+ 60. Kf1 Ke6 61. Ke1 Ra2 62. Kd1 Ke5 63. c4 Ra4 64. Rd5+ Kf4 65. Rf5+ Ke3 66. c5 Kd3 67. Rd5+ Ke3 68. Rf5 Kd3 69. Ke1 Ke3 70. Kf1 Rc4 71. Rxf7 Rxc5 72. Rf5 Rc2 73. e5 Rc8 74. e6 Re8 75. Rf6 Rh8 76. Kg2 Kd4 77. Kg3 Ke5 78. Rg6 Kd6 79. f4 gxf4+ 80. Kxf4 Ke7 81. Ke5 Rc8 82. Rg7+ Kf8 83. Rd7 Rc1 84. Kf6 Rf1+ 85. Kg6 Rg1 86. Rf7+ Ke8 87. Rf4 Ke7 88. Re4 Rf1 89. Kxh6 Rf6+ 90. Kg7 Rf2 91. h6 Rf8 92. h7 Rf6 93. h8=Q Rg6+ 94. Kxg6 1-0

[Event "Charlesbourg Zukertort"]
[Site "Charlesbourg CAN"]
[Date "2004.05.10"]
[Round "3"]
[White "Sauve, Richard"]
[Black "Robitaille, Denis"]
[Result "1-0"]
[WhiteElo "1924"]
[BlackElo "1851"]
[PlyCount "117"]
[GameId "2160767911166864"]
[EventDate "2004.04.??"]
[EventType "swiss"]
[EventRounds "5"]
[EventCountry "CAN"]
[SourceTitle "EXT 2005"]
[Source "ChessBase"]
[SourceDate "2004.11.15"]
[SourceVersion "1"]
[SourceVersionDate "2004.11.15"]
[SourceQuality "1"]

1. d4 g6 2. c4 Bg7 3. e4 d6 4. Nc3 Nc6 5. d5 Nb8 6. Be3 e5 7. c5 f5 8. cxd6 cxd6 9. Qa4+ Kf7 10. exf5 gxf5 11. Nf3 h6 12. Rc1 Nf6 13. Nb5 Na6 14. Qa3 Bf8 15. Bc4 Ng4 16. O-O Nxe3 17. Qxe3 Qf6 18. Nxa7 Nc5 19. Nxc8 Rxc8 20. b4 Ne4 21. Bd3 Rxc1 22. Rxc1 Ng5 23. Rc7+ Be7 24. Be2 Ne4 25. a4 Rg8 26. Bd3 Rg4 27. Rxb7 Nxf2 28. Kxf2 e4 29. Nd4 exd3 30. Qe6+ Qxe6 31. dxe6+ Kg6 32. Nf3 Kf6 33. a5 d5 34. b5 Bc5+ 35. Kf1 Ra4 36. g3 Rxa5 37. b6 Kxe6 38. Rh7 Ra1+ 39. Kg2 Ra2+ 40. Kh3 Bxb6 41. Rxh6+ Ke7 42. Rxb6 Rf2 43. Nd4 d2 44. Rb1 Kd6 45. Rd1 Ke5 46. Nb3 Ke4 47. Rxd2 Rxd2 48. Nxd2+ Ke3 49. Nb3 f4 50. gxf4 Kxf4 51. Kg2 Kg4 52. Nd4 Kh4 53. h3 Kh5 54. Kg3 Kg5 55. h4+ Kg6 56. Kf4 Kf6 57. h5 Kg7 58. Kg5 Kh7 59. h6 1-0

[Event "Charlesbourg Zukertort"]
[Site "Charlesbourg CAN"]
[Date "2004.05.17"]
[Round "4"]
[White "Caire, Francois"]
[Black "Drolet, Stephane"]
[Result "1/2-1/2"]
[WhiteElo "2075"]
[BlackElo "2121"]
[PlyCount "47"]
[GameId "2160767911166865"]
[EventDate "2004.04.??"]
[EventType "swiss"]
[EventRounds "5"]
[EventCountry "CAN"]
[SourceTitle "EXT 2005"]
[Source "ChessBase"]
[SourceDate "2004.11.15"]
[SourceVersion "1"]
[SourceVersionDate "2004.11.15"]
[SourceQuality "1"]

1. d4 d5 2. Nf3 Nf6 3. c4 c6 4. Nc3 dxc4 5. a4 Bf5 6. e3 e6 7. Bxc4 Bb4 8. O-O Nbd7 9. Qe2 Bg4 10. h3 Bh5 11. Rd1 O-O 12. e4 Bg6 13. Bd3 Qa5 14. Bd2 Rfd8 15. e5 Bxd3 16. Qxd3 Nd5 17. Ng5 Nf8 18. Qf3 Rd7 19. h4 Qd8 20. h5 h6 21. Nge4 Be7 22. Qg4 Kh8 23. Nxd5 cxd5 24. Nc3 1/2-1/2

[Event "Charlesbourg Zukertort"]
[Site "Charlesbourg CAN"]
[Date "2004.05.17"]
[Round "4"]
[White "Fecteau, Martin"]
[Black "Robitaille, Denis"]
[Result "1-0"]
[WhiteElo "2013"]
[BlackElo "1851"]
[PlyCount "65"]
[GameId "2160767911166866"]
[EventDate "2004.04.??"]
[EventType "swiss"]
[EventRounds "5"]
[EventCountry "CAN"]
[SourceTitle "EXT 2005"]
[Source "ChessBase"]
[SourceDate "2004.11.15"]
[SourceVersion "1"]
[SourceVersionDate "2004.11.15"]
[SourceQuality "1"]

1. e4 e6 2. d4 a6 3. Nf3 b5 4. Bd3 Bb7 5. O-O c5 6. c3 Nf6 7. Nbd2 h6 8. e5 Nd5 9. Ne4 cxd4 10. Nxd4 Nc6 11. Nxc6 Bxc6 12. Qh5 Be7 13. Kh1 Kf8 14. f4 f5 15. exf6 Nxf6 16. Nxf6 Bxf6 17. Be3 Kg8 18. Bg6 Qf8 19. f5 e5 20. Qd1 d5 21. Qb3 Qd6 22. Rad1 Kf8 23. Qc2 Rc8 24. b4 d4 25. cxd4 exd4 26. Qd2 Qd5 27. Bf4 Qd7 28. Qf2 Rd8 29. Qg3 Qd5 30. Rf2 Be8 31. Rc1 d3 32. Rd2 Qe4 33. Bd6+ 1-0